[Event "Aracaju op"]
[Site "Aracaju"]
[Date "2024.10.18"]
[Round "2"]
[White "Costa, Heitor Oliveira"]
[Black "Rocha, Vitor Firmo de Souz"]
[Result "0-1"]
[WhiteElo "1889"]
[BlackElo "2165"]
[PlyCount "63"]
[EventDate "2024.10.18"]
[EventType "swiss"]
[EventRounds "6"]
[EventCountry "BRA"]
[SourceTitle "CB44_2024"]
[Source "Chessbase"]
[SourceDate "2024.10.30"]
[SourceVersion "1"]
[SourceVersionDate "2024.10.30"]
[SourceQuality "1"]

1. e4 c5 2. Nf3 Nc6 3. d4 cxd4 4. Nxd4 Nf6 5. Nc3 d6 6. Be3 Ng4 7. Qd2 Nxe3 8. Qxe3 g6 9. Nxc6 bxc6 10. Qd4 e5 11. Qd2 Be7 12. h4 Be6 13. 0-0-0 Rb8 14. Kb1 h5 15. g3 Qa5 16. f4 Rb4 17. Be2 exf4 18. gxf4 Bf6 19. b3 Bxc3 20. Qxc3 Rxb3+ 21. Qxb3 Bxb3 22. axb3 Ke7 23. Kb2 Rb8 24. Rhf1 Qc5 25. Rd3 a5 26. Bd1 a4 27. f5 Qe5+ 28. c3 Qh2+ 29. Ka3 axb3 30. Bxb3 Ra8+ 31. Kb4 Qe5 32. c4 0-1